Central Library OPAC University of Rajshahi

The uneasy case for progressive taxation / (Record no. 2907)

MARC details
000 -LEADER
fixed length control field 00791cam a22002531 4500
001 - CONTROL NUMBER
control field 2907
003 - CONTROL NUMBER IDENTIFIER
rucl marc code BD-RjUL
005 - DATE AND TIME OF LATEST TRANSACTION
control field 20211208233636.0
008 - FIXED-LENGTH DATA ELEMENTS--GENERAL INFORMATION
fixed length control field 160730s1953 ilu 000 0 eng
035 ## - SYSTEM CONTROL NUMBER
System control number (BD-RjUL)2935
040 ## - CATALOGING SOURCE
Original cataloging agency DLC
Transcribing agency DLC
Modifying agency DLC
-- BD-RjUL
Language of cataloging eng
041 ## - LANGUAGE CODE
Language code of text/sound track or separate title eng
082 00 - DEWEY DECIMAL CLASSIFICATION NUMBER
Classification number 336.293
Author mark and year KAU 1958
100 1# - MAIN ENTRY--PERSONAL NAME
Personal name Kalven, Harry.
9 (RLIN) 9306
245 14 - TITLE STATEMENT
Title The uneasy case for progressive taxation /
Statement of responsibility, etc. by Walter J. Blum and Harry Kalven, Jr.
260 ## - PUBLICATION, DISTRIBUTION, ETC. (IMPRINT)
Place of publication, distribution, etc. Chicago :
Name of publisher, distributor, etc. University of Chicago Press,
Date of publication, distribution, etc. c1953 [Reprint 1958].
300 ## - PHYSICAL DESCRIPTION
Pagination vii, 107 p. ;
Size 25 cm.
504 ## - BIBLIOGRAPHY, ETC. NOTE
Bibliography, etc Includes Index.
650 #0 - SUBJECT ADDED ENTRY--TOPICAL TERM
Topical term or geographic name as entry element Progressive taxation.
9 (RLIN) 9307
Topical term or geographic name as entry element Income tax
Geographic subdivision United States.
9 (RLIN) 9308
700 1# - ADDED ENTRY--PERSONAL NAME
Personal name Blum, Walter J.,
Relator term joint author.
942 ## - ADDED ENTRY ELEMENTS (KOHA)
Source of classification or shelving scheme Dewey Decimal Classification
Koha item type Books
Holdings
Lost status Source of classification or shelving scheme Damaged status Not for loan Collection code Permanent Location Current Location Shelving location Date acquired Source of acquisition Cost, normal purchase price Total Checkouts Full call number Date last seen Copy number Koha item type
  Dewey Decimal Classification     Non-fiction Central Library, University of Rajshahi Central Library, University of Rajshahi   17/10/1962 Swets & Zeitlinger. 24.00   336.293 KAU 1958 17/12/2013 C-3 Books
  Dewey Decimal Classification     Non-fiction Central Library, University of Rajshahi Central Library, University of Rajshahi   17/10/1962 Zeithlinger. 24.00   336.293 KAU 1958 14/07/2015 C-4 Books
  Dewey Decimal Classification     Non-fiction Central Library, University of Rajshahi Central Library, University of Rajshahi   17/10/1962 Zeithlinger 35.00   336.293 KAU 1958 30/07/2016 C-2 Books